Geography of the Indian Subcontinent - Statistics

General Stats
  • This quiz has been taken 74 times
    59 since last reset
  • The average score is 8 of 14
Answers on the Map
Answers color-coded by a green-red scale on the quiz's map according to % correct below.
 
Answer Stats
Category Answer % Correct
Mountain Ranges Himalaya
93%
Rivers Ganges
87%
Rivers Indus
85%
Rivers Brahmaputra
72%
Mountains K2
67%
Deserts Thar
67%
Oceans Indian
65%
Seas Arabian
61%
Bays Bengal
61%
Mountains Everest
52%
Rivers Godavari
41%
Rivers Sutlej
17%
Mountain Ranges Kirthar
0%
Mountain Ranges Sulaiman
0%
No matching quizzes found
Score Distribution
Percent of People with Each Score
Percentile by Number Answered
Your Score History
You have not taken this quiz since the last reset